[Event "SVK-ch U18/20"]
[Site "Tatralandia"]
[Date "2024.04.07"]
[Round "4"]
[White "Beres, Tomas"]
[Black "Koska, Jiri"]
[Result "1-0"]
[WhiteElo "2149"]
[BlackElo "2024"]
[PlyCount "73"]
[EventDate "2024.04.05"]
[EventType "swiss"]
[EventRounds "9"]
[EventCountry "SVK"]
[SourceTitle "CB16_2024"]
[SourceDate "2024.04.17"]
[SourceVersion "1"]
[SourceVersionDate "2024.04.17"]
[SourceQuality "1"]

1. e4 e6 2. d4 d5 3. Nd2 Nc6 4. Ngf3 Nf6 5. e5 Nd7 6. Be2 f6 7. exf6 Qxf6 8. Nf1 Bd6 9. Ne3 0-0 10. 0-0 Qg6 11. c4 Nf6 12. c5 Be7 13. Bb5 Bd7 14. a4 a6 15. Bxc6 Bxc6 16. Ne5 Qe8 17. Qc2 Ne4 18. f3 Ng5 19. N3g4 Nf7 20. Bf4 Nxe5 21. Bxe5 Rc8 22. f4 Bf6 23. Bxf6 gxf6 24. f5 Qh5 25. Qe2 Kh8 26. fxe6 Rce8 27. Rae1 Qg6 28. h3 Bxa4 29. e7 Rf7 30. Rxf6 Rxf6 31. Qe5 Rxe7 32. Qxe7 Rf5 33. Qd8+ Kg7 34. Re7+ Rf7 35. Ne5 Qb1+ 36. Kh2 Rxe7 37. Qxe7+ 1-0

[Event "SVK-ch U18/20"]
[Site "Tatralandia"]
[Date "2024.04.07"]
[Round "3"]
[White "Sustek, Adam"]
[Black "Beres, Tomas"]
[Result "0-1"]
[WhiteElo "1910"]
[BlackElo "2149"]
[PlyCount "82"]
[EventDate "2024.04.05"]
[EventType "swiss"]
[EventRounds "9"]
[EventCountry "SVK"]
[SourceTitle "CB16_2024"]
[SourceDate "2024.04.17"]
[SourceVersion "1"]
[SourceVersionDate "2024.04.17"]
[SourceQuality "1"]

1. e4 c5 2. Nf3 Nc6 3. d4 cxd4 4. Nxd4 g6 5. c4 Nf6 6. Nc3 d6 7. f3 Bg7 8. Be3 0-0 9. Qd2 Nxd4 10. Bxd4 Be6 11. Be2 Qa5 12. 0-0 Rfc8 13. b3 b5 14. cxb5 Nxe4 15. fxe4 Bxd4+ 16. Qxd4 Qxc3 17. Qxc3 Rxc3 18. Rfc1 Rxc1+ 19. Rxc1 Rc8 20. Rxc8+ Bxc8 21. Kf2 Kf8 22. Ke3 Bb7 23. a4 Ke8 24. b4 f5 25. Bd3 fxe4 26. Bxe4 d5 27. Bf3 e5 28. a5 Kd7 29. h4 Kd6 30. h5 gxh5 31. Bxh5 d4+ 32. Kf2 e4 33. g3 Bd5 34. Be8 h6 35. Ke2 Bc4+ 36. Kf2 Bd3 37. Ke1 e3 38. Bc6 Bc4 39. Kd1 d3 40. Bf3 Bxb5 41. Kc1 Ba4 0-1

[Event "SVK-chT 2324"]
[Site "Slovakia"]
[Date "2024.01.21"]
[Round "6.8"]
[White "Beres, Tomas"]
[Black "Tropp, Oliver"]
[Result "1/2-1/2"]
[WhiteElo "2124"]
[BlackElo "2188"]
[PlyCount "80"]
[EventDate "2023.11.04"]
[EventType "team-tourn"]
[EventRounds "11"]
[EventCountry "SVK"]
[SourceTitle "CB04_2024"]
[SourceDate "2023.10.16"]
[SourceVersion "1"]
[SourceVersionDate "2023.10.16"]
[SourceQuality "1"]
[WhiteTeam "Podhajska Aquamarin"]
[BlackTeam "Liptov Chess School"]
[WhiteTeamCountry "SVK"]
[BlackTeamCountry "SVK"]

1. e4 e6 2. d4 d5 3. Nd2 Nf6 4. e5 Nfd7 5. Bd3 c5 6. c3 Nc6 7. Ne2 cxd4 8. cxd4 f6 9. exf6 Nxf6 10. 0-0 Bd6 11. Nf3 0-0 12. Bf4 Bxf4 13. Nxf4 Ne4 14. Nh5 g6 15. Ng3 Ng5 16. Ne5 Nxe5 17. dxe5 Nf7 18. Qe2 a6 19. Rac1 Bd7 20. Rfe1 Nh6 21. h3 Qg5 22. Rc7 Bc6 23. Qe3 Qxe3 24. Rxe3 Rac8 25. Rxc8 Rxc8 26. Ne2 Bd7 27. f4 Kf7 28. Kf2 Ke7 29. Ke1 Rf8 30. g4 Nf7 31. Kd2 Nd8 32. h4 Nc6 33. h5 gxh5 34. g5 Rh8 35. Rh3 Be8 36. Ng3 h6 37. g6 Rg8 38. Nxh5 Bxg6 39. Nf6 Rg7 40. Rxh6 Bxd3 1/2-1/2

[Event "SVK-chT 2324"]
[Site "Slovakia"]
[Date "2023.12.09"]
[Round "3.6"]
[White "Beres, Tomas"]
[Black "Pasti, Aron"]
[Result "1/2-1/2"]
[WhiteElo "2124"]
[BlackElo "2397"]
[PlyCount "91"]
[EventDate "2023.11.04"]
[EventType "team-tourn"]
[EventRounds "11"]
[EventCountry "SVK"]
[SourceTitle "CB04_2024"]
[SourceDate "2023.10.16"]
[SourceVersion "1"]
[SourceVersionDate "2023.10.16"]
[SourceQuality "1"]
[WhiteTeam "Podhajska Aquamarin"]
[BlackTeam "Dunajska Streda"]
[WhiteTeamCountry "SVK"]
[BlackTeamCountry "SVK"]

1. e4 e5 2. Nf3 Nc6 3. Nc3 g6 4. d4 exd4 5. Nxd4 Bg7 6. Be3 Nf6 7. Bc4 0-0 8. f3 d5 9. Nxc6 bxc6 10. Bb3 Ba6 11. Qd2 dxe4 12. 0-0-0 Qxd2+ 13. Rxd2 Rfe8 14. fxe4 Nxe4 15. Rd7 Nxc3 16. Bxf7+ Kh8 17. Bxe8 Ne2+ 18. Kd2 Rxe8 19. Re1 c5 20. c3 Be5 21. Bxc5 Bf4+ 22. Kc2 Bc8 23. Rf7 Be6 24. Rf8+ Rxf8 25. Bxf8 Bf5+ 26. Kd1 Nc1 27. Re8 Bg4+ 28. Ke1 Kg8 29. Bh6+ Kf7 30. Rf8+ Ke7 31. Rxf4 Nd3+ 32. Kd2 Nxf4 33. Bxf4 c5 34. c4 Kd7 35. Kc3 Kc6 36. a3 a6 37. b4 cxb4+ 38. axb4 Be2 39. Kd4 h5 40. g3 Bf1 41. h4 Be2 42. Bd2 Bf1 43. c5 Be2 44. Ke5 Bd3 45. Ke6 Bc2 46. Ke5 1/2-1/2

[Event "SVK-ch U20"]
[Site "Dudince"]
[Date "2023.04.18"]
[Round "4"]
[White "Sustek, Adam"]
[Black "Beres, Tomas"]
[Result "0-1"]
[WhiteElo "1794"]
[BlackElo "2143"]
[PlyCount "54"]
[EventDate "2023.04.16"]
[EventType "tourn"]
[EventRounds "9"]
[EventCountry "SVK"]
[SourceTitle "CBM 213 Extra"]
[Source "ChessBase"]
[SourceDate "2023.05.31"]
[SourceVersion "1"]
[SourceVersionDate "2023.05.31"]
[SourceQuality "1"]

1. e4 c5 2. Nf3 Nc6 3. d4 cxd4 4. Nxd4 g6 5. c4 Nf6 6. Nc3 d6 7. f3 Bg7 8. Be3 0-0 9. Qd2 Nxd4 10. Bxd4 Be6 11. Be2 Qa5 12. 0-0 Rfc8 13. b4 Qxb4 14. Rab1 Qa5 15. Rxb7 Bxc4 16. Rxe7 Bxe2 17. Qxe2 Rxc3 18. Bxc3 Qxc3 19. Rb1 Nh5 20. g3 Bd4+ 21. Kg2 Bb6 22. Rb3 Qc1 23. e5 Qg5 24. Qe4 Nf4+ 25. Kf1 Rc8 26. Qxf4 Qxe7 27. exd6 Qe6 0-1

[Event "SVK-chT2B 2223"]
[Site "Slovakia"]
[Date "2023.03.26"]
[Round "11.3"]
[White "Beres, Tomas"]
[Black "Kutny, Marian"]
[Result "1-0"]
[WhiteElo "2068"]
[BlackElo "1981"]
[PlyCount "149"]
[EventDate "2022.10.08"]
[EventType "team-tourn"]
[EventRounds "11"]
[EventCountry "SVK"]
[SourceTitle "EXT 2024"]
[Source "ChessBase"]
[SourceDate "2023.10.10"]
[SourceVersion "1"]
[SourceVersionDate "2023.10.10"]
[SourceQuality "1"]
[WhiteTeam "Tlmace"]
[BlackTeam "Belusa"]
[WhiteTeamCountry "SVK"]
[BlackTeamCountry "SVK"]

1. e4 e5 2. Nf3 Nf6 3. Nc3 Nc6 4. d4 exd4 5. Nxd4 Bb4 6. Nxc6 Bxc3+ 7. bxc3 bxc6 8. Ba3 d6 9. e5 Qe7 10. f4 0-0 11. Bc4 c5 12. Qf3 dxe5 13. 0-0 e4 14. Qe3 Ng4 15. Qg3 Rd8 16. h3 Nf6 17. Qg5 Be6 18. Bxc5 Qd7 19. Bd4 h6 20. Qc5 Bxc4 21. Qxc4 Nd5 22. f5 f6 23. Rae1 Re8 24. Rf4 Kh7 25. Rfxe4 Rxe4 26. Rxe4 Qxf5 27. Re1 Qd7 28. Bc5 Kh8 29. Qe4 c6 30. c4 Nb6 31. Qg6 Nxc4 32. Re7 Qd1+ 33. Kh2 Rg8 34. Qd3 Qxd3 35. cxd3 Ne5 36. d4 Nd3 37. Bxa7 Ra8 38. a3 Nb2 39. Bc5 Nc4 40. Re6 Ra6 41. d5 Ne5 42. dxc6 Nxc6 43. Kg3 Kg8 44. Kf2 Kf7 45. Rd6 Nb8 46. Rd2 Rc6 47. Bb4 Rc7 48. Ke3 Na6 49. Bd6 Rd7 50. Rd4 g6 51. Kd3 Ke6 52. Bg3 Rd5 53. Kc4 Rc5+ 54. Kb3 Rd5 55. Kc4 Rc5+ 56. Kb3 Rd5 57. Re4+ Kd7 58. Kc3 f5 59. Re5 Rxe5 60. Bxe5 g5 61. Kd4 Ke6 62. Bg7 h5 63. h4 gxh4 64. Be5 Kd7 65. Kd5 Ke7 66. Kc6 Ke6 67. Bf4 h3 68. gxh3 Kf6 69. Kb6 Ke6 70. Kxa6 Kd5 71. Kb5 Ke4 72. Bc7 f4 73. a4 f3 74. Bb6 Kf4 75. Bf2 1-0

[Event "SVK-chT 2223"]
[Site "Slovakia"]
[Date "2023.02.25"]
[Round "7.5"]
[White "Beres, Tomas"]
[Black "Kravec, Patrik"]
[Result "1-0"]
[WhiteElo "2068"]
[BlackElo "2144"]
[PlyCount "81"]
[EventDate "2022.10.22"]
[EventType "team-tourn"]
[EventRounds "11"]
[EventCountry "SVK"]
[SourceTitle "EXT 2024"]
[Source "ChessBase"]
[SourceDate "2023.10.10"]
[SourceVersion "1"]
[SourceVersionDate "2023.10.10"]
[SourceQuality "1"]
[WhiteTeam "Podhajska Aquamarin"]
[BlackTeam "Humenne Reinter"]
[WhiteTeamCountry "SVK"]
[BlackTeamCountry "SVK"]

1. e4 c5 2. Nf3 Nc6 3. d4 cxd4 4. Nxd4 Nf6 5. Nc3 d6 6. Nb3 g6 7. Be2 Bg7 8. 0-0 0-0 9. Re1 Bd7 10. Bf1 Rc8 11. Nd5 Ne5 12. a4 Nc4 13. c3 Be6 14. Bxc4 Rxc4 15. Qd3 Rc8 16. Bg5 Bxd5 17. exd5 Re8 18. Bxf6 Bxf6 19. Nd2 Qc7 20. Re4 Qd7 21. Nf1 Rc5 22. Ne3 Bg7 23. h4 b5 24. h5 Rb8 25. hxg6 hxg6 26. Qd2 a5 27. Rh4 Bf6 28. Rh3 bxa4 29. Re1 a3 30. Nd1 a2 31. Ne3 Rb3 32. f3 Bg7 33. Ng4 Qf5 34. Kh2 Rcb5 35. Rxe7 Qxg4 36. Re8+ Bf8 37. Rh8+ Kg7 38. fxg4 a1Q 39. Qh6+ Kf6 40. Qh4+ g5 41. Rh6+ 1-0

[Event "SVK-ch U18"]
[Site "Stara Lubovna"]
[Date "2022.05.28"]
[Round "9"]
[White "Beres, Tomas"]
[Black "Brnusak, Tomas"]
[Result "1/2-1/2"]
[WhiteElo "2059"]
[BlackElo "2212"]
[PlyCount "73"]
[EventDate "2022.05.21"]
[EventType "swiss"]
[EventRounds "9"]
[EventCountry "SVK"]
[SourceTitle "CBM 208 Extra"]
[Source "ChessBase"]
[SourceDate "2022.07.31"]
[SourceVersion "1"]
[SourceVersionDate "2022.07.31"]
[SourceQuality "1"]

1. e4 c5 2. Nf3 e6 3. d4 cxd4 4. Nxd4 a6 5. Bd3 Qc7 6. 0-0 Nf6 7. Qe2 d6 8. c4 g6 9. Nc3 Bg7 10. Be3 0-0 11. Rfd1 Nbd7 12. Rac1 Ne5 13. h3 b6 14. b3 Bb7 15. Bb1 Rfd8 16. f4 Nc6 17. Qf2 Nb8 18. f5 Qe7 19. Nf3 b5 20. fxg6 b4 21. gxh7+ Kh8 22. Ne2 Nxe4 23. Bxe4 Bxe4 24. Ng5 Bg6 25. Qh4 Nc6 26. Rf1 Rd7 27. Nf4 Bf5 28. Rf2 Ne5 29. Rcf1 f6 30. Nf3 Ng6 31. Nxg6+ Bxg6 32. Nd4 f5 33. Qxe7 Rxe7 34. Rd2 Rc8 35. Ne2 Be5 36. Bd4 Kxh7 37. Rfd1 1/2-1/2

[Event "SVK-ch U18"]
[Site "Stara Lubovna"]
[Date "2022.05.22"]
[Round "2"]
[White "Stevik, Patrik1111"]
[Black "Beres, Tomas"]
[Result "1/2-1/2"]
[WhiteElo "2249"]
[BlackElo "2059"]
[PlyCount "80"]
[EventDate "2022.05.21"]
[EventType "swiss"]
[EventRounds "9"]
[EventCountry "SVK"]
[SourceTitle "CBM 208 Extra"]
[Source "ChessBase"]
[SourceDate "2022.07.31"]
[SourceVersion "1"]
[SourceVersionDate "2022.07.31"]
[SourceQuality "1"]

1. Nf3 d5 2. d4 Nf6 3. c4 e6 4. g3 Be7 5. Bg2 0-0 6. 0-0 dxc4 7. Ne5 c5 8. dxc5 Qc7 9. c6 bxc6 10. Nxc4 Nbd7 11. Bd2 Ba6 12. Qc2 Rac8 13. Rc1 Nd5 14. Ba5 N7b6 15. Nbd2 Qb8 16. e4 Nxc4 17. Nxc4 Nb6 18. Ne3 Rfd8 19. Rd1 c5 20. h4 Rxd1+ 21. Rxd1 Bf6 22. Ng4 Bd4 23. b3 Qxg3 24. Rxd4 Qxg4 25. Rd6 h6 26. Bxb6 axb6 27. Rxb6 Be2 28. Qc3 Qxh4 29. Qe3 Qd8 30. Rb7 Ba6 31. Ra7 Qb6 32. Rd7 Qc6 33. Qd2 Bb7 34. Rd3 e5 35. Rd6 Qc7 36. Bh3 Rf8 37. Bf5 Bc8 38. Qd5 Qe7 39. Bxc8 Rxc8 40. Rd7 Qg5+ 1/2-1/2

[Event "SVK-ch U20 rapid"]
[Site "Nitra"]
[Date "2021.09.11"]
[Round "5"]
[White "Turcan, Richard"]
[Black "Beres, Tomas"]
[Result "1/2-1/2"]
[WhiteElo "2123"]
[BlackElo "1917"]
[PlyCount "77"]
[EventDate "2021.09.11"]
[EventType "swiss (rapid)"]
[EventRounds "7"]
[EventCountry "SVK"]
[SourceTitle "EXT 2023"]
[Source "ChessBase"]
[SourceDate "2022.10.05"]
[SourceVersion "1"]
[SourceVersionDate "2022.10.05"]
[SourceQuality "1"]

1. e4 c5 2. Nf3 Nc6 3. d4 cxd4 4. Nxd4 g6 5. Nc3 Bg7 6. Be3 Nf6 7. Bc4 Qa5 8. 0-0 0-0 9. Bb3 d6 10. h3 Bd7 11. Nde2 Rac8 12. Qd2 Rfd8 13. f4 b5 14. a3 a6 15. g4 Be6 16. Bxe6 fxe6 17. Nd4 Nxd4 18. Bxd4 Nxe4 19. Qe3 Bxd4 20. Qxd4 Nxc3 21. Qe3 Na4 22. Qxe6+ Kh8 23. f5 Qb6+ 24. Kh2 Rxc2+ 25. Kg3 d5 26. Rae1 Qxe6 27. Rxe6 gxf5 28. Rxe7 Rf8 29. Ra7 Rxb2 30. Re1 Nc5 31. Ree7 Ne4+ 32. Kh4 Nf6 33. g5 Rg2 34. gxf6 Rxf6 35. Kh5 f4 36. Ra8+ Rg8 37. Raa7 Rf5+ 38. Kh4 Rg6 39. Re8+ 1/2-1/2

[Event "SVK-ch U18/20"]
[Site "Stara Lubovna"]
[Date "2021.06.29"]
[Round "5"]
[White "Ihnat, Marek1111"]
[Black "Beres, Tomas"]
[Result "1-0"]
[WhiteElo "2059"]
[BlackElo "1998"]
[PlyCount "43"]
[EventDate "2021.06.26"]
[EventType "swiss"]
[EventRounds "9"]
[EventCountry "SVK"]
[SourceTitle "CBM 203 Extra"]
[Source "ChessBase"]
[SourceDate "2021.09.30"]
[SourceVersion "1"]
[SourceVersionDate "2021.09.30"]
[SourceQuality "1"]

1. e4 d5 2. exd5 Qxd5 3. Nc3 Qa5 4. d4 c6 5. Nf3 Nf6 6. Bd2 Qc7 7. Bc4 Bf5 8. Qe2 e6 9. 0-0-0 Nbd7 10. Kb1 Bd6 11. h3 0-0-0 12. Nh4 Bg6 13. Nxg6 hxg6 14. Qf3 Nb6 15. Bf1 e5 16. dxe5 Bxe5 17. g3 Rhe8 18. Bg2 Nc4 19. Bg5 Qa5 20. Bxf6 gxf6 21. Qg4+ f5 22. Qxc4 1-0

[Event "SVK-ch U18/20"]
[Site "Stara Lubovna"]
[Date "2021.06.28"]
[Round "3"]
[White "Ciglian, Michal"]
[Black "Beres, Tomas"]
[Result "0-1"]
[WhiteElo "1746"]
[BlackElo "1998"]
[PlyCount "104"]
[EventDate "2021.06.26"]
[EventType "swiss"]
[EventRounds "9"]
[EventCountry "SVK"]
[SourceTitle "CBM 203 Extra"]
[Source "ChessBase"]
[SourceDate "2021.09.30"]
[SourceVersion "1"]
[SourceVersionDate "2021.09.30"]
[SourceQuality "1"]

1. d4 d5 2. c4 e6 3. Nc3 Nf6 4. Nf3 Be7 5. Bf4 0-0 6. e3 b6 7. Be2 dxc4 8. Bxc4 Ba6 9. Bxa6 Nxa6 10. 0-0 Qc8 11. Rc1 Qb7 12. Qb3 c5 13. Rfd1 Rfd8 14. Nb5 Nd5 15. Bg3 cxd4 16. Nbxd4 Nc5 17. Qc2 Rac8 18. Qb1 Nf6 19. b4 Nce4 20. Qb3 b5 21. Nxe6 fxe6 22. Qxe6+ Kh8 23. Ne5 Ng5 24. Qb3 Rxc1 25. Rxc1 Qd5 26. Qxd5 Rxd5 27. h4 Ne6 28. Rc8+ Bd8 29. Nc6 Rd1+ 30. Kh2 Rc1 31. f4 Ng4+ 32. Kh3 Nxe3 33. Bf2 Nf5 34. Bxa7 Nd6 35. Rxd8+ Nxd8 36. Nxd8 Ne4 37. Bd4 h5 38. Kh2 Kg8 39. Ne6 g6 40. Ng5 Nxg5 41. hxg5 Rc4 42. Be5 Rxb4 43. a3 Rb3 44. Bd6 Kf7 45. g3 Ke6 46. Bb4 h4 47. gxh4 Rf3 48. Kg2 Rxf4 49. Kg3 Kf5 50. Be7 Rd4 51. Kf3 Rxh4 52. Ke3 Re4+ 0-1

[Event "SVK-ch U16"]
[Site "Lubovna"]
[Date "2020.08.19"]
[Round "6"]
[White "Beres, Tomas"]
[Black "Zdrazil, Patrik"]
[Result "1/2-1/2"]
[WhiteElo "1948"]
[BlackElo "1828"]
[PlyCount "68"]
[EventDate "2020.08.15"]
[EventType "swiss"]
[EventRounds "9"]
[EventCountry "SVK"]
[SourceTitle "EXT 2021"]
[Source "ChessBase"]
[SourceDate "2020.10.23"]
[SourceVersion "1"]
[SourceVersionDate "2020.10.23"]
[SourceQuality "1"]

1. e4 e6 2. d4 d5 3. Nd2 Nc6 4. Ngf3 Nf6 5. e5 Nd7 6. c3 f6 7. exf6 Qxf6 8. Bd3 Bd6 9. 0-0 0-0 10. Qc2 h6 11. Nb3 e5 12. dxe5 Ndxe5 13. Nxe5 Nxe5 14. f4 Nxd3 15. Qxd3 c6 16. Be3 Bf5 17. Qd2 Bc7 18. a4 Rfe8 19. a5 Qg6 20. Qf2 a6 21. Nc5 b6 22. Nb3 b5 23. Rfe1 Bd6 24. Bc5 Bc2 25. Bxd6 Bxb3 26. Rxe8+ Rxe8 27. Be5 Qc2 28. Qa7 Qg6 29. Qxa6 d4 30. Qa7 Bd5 31. Qxg7+ Qxg7 32. Bxg7 Kxg7 33. cxd4 Kf6 34. Kf2 Bc4 1/2-1/2

[Event "SVK-ch U16"]
[Site "Lubovna"]
[Date "2020.08.16"]
[Round "2"]
[White "Zetocha, Adrian"]
[Black "Beres, Tomas"]
[Result "1-0"]
[WhiteElo "2078"]
[BlackElo "1948"]
[PlyCount "99"]
[EventDate "2020.08.15"]
[EventType "swiss"]
[EventRounds "9"]
[EventCountry "SVK"]
[SourceTitle "EXT 2021"]
[Source "ChessBase"]
[SourceDate "2020.10.23"]
[SourceVersion "1"]
[SourceVersionDate "2020.10.23"]
[SourceQuality "1"]

1. d4 Nf6 2. Nf3 c5 3. e3 e6 4. Bd3 b6 5. 0-0 Be7 6. c3 Bb7 7. Nbd2 d5 8. Qe2 0-0 9. dxc5 bxc5 10. e4 Nc6 11. e5 Nd7 12. Re1 Re8 13. c4 d4 14. Nf1 f6 15. exf6 Bxf6 16. Ng3 Nce5 17. Ne4 Nxf3+ 18. Qxf3 Ne5 19. Nxf6+ Qxf6 20. Bxh7+ Kxh7 21. Qh5+ Kg8 22. Rxe5 Rf8 23. f3 Rad8 24. Bd2 d3 25. Rae1 Rd6 26. b3 Rc8 27. Qg5 Qxg5 28. Rxg5 Ra6 29. Ra1 Rc7 30. Kf2 Kf7 31. Be3 Ra5 32. Ke1 Kf6 33. Kd2 e5 34. Kxd3 Ra6 35. Kc2 Rd7 36. Rg4 Kf5 37. h4 e4 38. Rg5+ Kf6 39. Rxc5 exf3 40. gxf3 Re6 41. Re1 Kg6 42. f4 Be4+ 43. Kb2 Red6 44. Re5 Bf5 45. h5+ Kf6 46. Rh1 Rd3 47. h6 g5 48. Rxf5+ Kxf5 49. h7 Rd8 50. h8Q 1-0

[Event "SVK-ch U16"]
[Site "Lubovna"]
[Date "2020.08.15"]
[Round "1"]
[White "Kapec, Kristian"]
[Black "Beres, Tomas"]
[Result "0-1"]
[WhiteElo "1741"]
[BlackElo "1948"]
[PlyCount "44"]
[EventDate "2020.08.15"]
[EventType "swiss"]
[EventRounds "9"]
[EventCountry "SVK"]
[SourceTitle "EXT 2021"]
[Source "ChessBase"]
[SourceDate "2020.10.23"]
[SourceVersion "1"]
[SourceVersionDate "2020.10.23"]
[SourceQuality "1"]

1. e4 c5 2. Nf3 Nc6 3. d4 cxd4 4. c3 dxc3 5. Nxc3 d6 6. Bc4 e6 7. Qe2 Be7 8. 0-0 a6 9. a4 Nf6 10. Rd1 Qc7 11. Bf4 0-0 12. e5 dxe5 13. Nxe5 Bd6 14. Rxd6 Qxd6 15. Ng6 e5 16. Rd1 Qc5 17. Be3 Nd4 18. Bxd4 exd4 19. Nxf8 Bg4 20. f3 dxc3+ 21. Kh1 Re8 22. Qc2 Qxc4 0-1

[Event "SVK-chT2B 1920"]
[Site "Slovakia"]
[Date "2020.03.07"]
[Round "10.6"]
[White "Bielik, Peter"]
[Black "Beres, Tomas"]
[Result "1/2-1/2"]
[WhiteElo "1855"]
[BlackElo "1977"]
[PlyCount "22"]
[EventDate "2019.10.26"]
[EventType "team-tourn"]
[EventRounds "11"]
[EventCountry "SVK"]
[SourceTitle "CBM 195 Extra"]
[Source "ChessBase"]
[SourceDate "2020.05.31"]
[SourceVersion "1"]
[SourceVersionDate "2020.05.31"]
[SourceQuality "1"]
[WhiteTeam "Povazske Podhradie"]
[BlackTeam "Tlmace"]
[WhiteTeamCountry "SVK"]
[BlackTeamCountry "SVK"]

1. d4 Nf6 2. c4 e6 3. Nf3 d5 4. Bg5 Be7 5. e3 0-0 6. Nc3 Nbd7 7. Rc1 b6 8. cxd5 exd5 9. Bd3 Bb7 10. 0-0 c5 11. Re1 h6 1/2-1/2